Una aportación a la teoria del ciclo económico (Registro nro. 6569)
[ vista simple ]
| 000 -LEADER | |
|---|---|
| fixed length control field | 01124 a2200205 4500 |
| 001 - CONTROL NUMBER | |
| control field | 59016 |
| 005 - DATE AND TIME OF LATEST TRANSACTION | |
| control field | 20260407155845.0 |
| 008 - FIXED-LENGTH DATA ELEMENTS--GENERAL INFORMATION | |
| fixed length control field | 260407a1954 arg spa d |
| 003 - CONTROL NUMBER IDENTIFIER | |
| control field | AR-UNSa-BCEJYS |
| 040 ## - CATALOGING SOURCE | |
| Original cataloging agency | AR-UNSa-BCEJYS |
| Language of cataloging | spa |
| Transcribing agency | AR-UNSa-BCEJYS |
| 080 ## - UNIVERSAL DECIMAL CLASSIFICATION NUMBER | |
| Universal Decimal Classification number | 338.1 |
| Common auxiliary subdivision | Situación económica. Ciclos. Desarrollo de la estructura económica |
| 100 1# - MAIN ENTRY--PERSONAL NAME | |
| Personal name | Hicks, John Richard |
| 245 10 - TITLE STATEMENT | |
| Title | Una aportación a la teoria del ciclo económico |
| 264 #1 - PRODUCTION, PUBLICATION, DISTRIBUTION, MANUFACTURE, AND COPYRIGHT NOTICE | |
| Place of production, publication, distribution, manufacture | Madrid : |
| Name of producer, publisher, distributor, manufacturer | Aguilar |
| Date of production, publication, distribution, manufacture, or copyright notice | 1954 |
| 300 ## - PHYSICAL DESCRIPTION | |
| Extent | 279 p. |
| Dimensions | 18 cm. |
| 505 ## - FORMATTED CONTENTS NOTE | |
| Formatted contents note | 1. Antecedentes – 2. El ahorro, la inversión y el multiplicador – 3. El multiplicador en una economía cambiante – 4. Inversión inducida – 5. El acelerador, en acción-I: La posibilidad de equilibrio – 6. El acelerador, en acción-II: Inestabilidad del equilibrio – 7. ¿Ciclos libres o limitados? – 8. El ciclo en esquema – 9. Periodicidad y regularidad – 10. Reconsideración de los problemas del “techo” – 11. El factor monetario – 12. La posición del factor monetario |
| 590 ## - LOCAL NOTE (RLIN) | |
| Local note | niveau_biblio:m niveau_hierar:0 |
| 700 1# - ADDED ENTRY--PERSONAL NAME | |
| Personal name | Sempere Colomina, Gregorio |
| 942 ## - ADDED ENTRY ELEMENTS (KOHA) | |
| Koha item type | |
| Withdrawn status | Lost status | Damaged status | Not for loan | Home library | Current library | Shelving location | Date acquired | Total checkouts | Full call number | Barcode | Date last seen | Price effective from | Koha item type |
|---|---|---|---|---|---|---|---|---|---|---|---|---|---|
| Biblioteca Prof. Eusebio Cleto del Rey | Biblioteca Prof. Eusebio Cleto del Rey | 07/04/2026 | 338.1 H631 | L20273 | 07/04/2026 | 07/04/2026 | Libro | ||||||
| Biblioteca Prof. Eusebio Cleto del Rey | Biblioteca Prof. Eusebio Cleto del Rey | 07/04/2026 | 338.1 H631 | L20274 | 07/04/2026 | 07/04/2026 | Libro |